Statistics for Countries in which the Beatles Played Concerts

Click here to take the quiz!

General Stats

  • This quiz has been taken 192 times
  • The average score is 13 of 16

Answer Stats

#Country% Correct
65United States
100%
280Germany
98%
999United Kingdom
98%
9Canada
94%
42France
92%
2Spain
91%
20Australia
90%
5Japan
90%
8Italy
85%
11Sweden
83%
1Ireland
82%
3Netherlands
79%
10New Zealand
77%
2China (Hong Kong)
74%
2Denmark
72%
2Philippines
41%

Score Distribution

Percentile by Number Answered

Percent of People with Each Score

Your Score History

You have not taken this quiz